[Event "Frankfurt Ch A 2015"]
[Site "Ffm-Höchst, BiKuZ"]
[Date "2015.05.04"]
[Round "2.42"]
[White "Makilla, Tobias"]
[Black "Imelmann, Esther"]
[Result "1-0"]
[WhiteElo "1767"]
[BlackElo "1590"]
[PlyCount "111"]
[EventDate "2015.??.??"]
[WhiteTeam "SC Hattersheim"]
[BlackTeam "Vorw.Orient Mainz"]

1. e4 e6 2. d4 d5 3. Nd2 c5 4. exd5 Qxd5 5. dxc5 Bxc5 6. Ngf3 Nf6 7. Bc4 Qd6 8.
O-O O-O 9. Nb3 Qxd1 10. Rxd1 Bb6 11. Bg5 Ne4 12. Bh4 Nc6 13. c3 a5 14. Rd3 a4
15. Nbd4 Nxd4 16. Nxd4 e5 17. Nf3 Nc5 18. Rd6 e4 19. Nd2 Bc7 20. Rd5 b6 21. Be7
Be6 22. Bxf8 Bxd5 23. Bxd5 Rxf8 24. Nxe4 Rd8 25. Nxc5 Rxd5 26. Ne4 f5 27. Ng5
Rd2 28. Rb1 b5 29. Nf3 Rc2 30. Nd4 Rd2 31. Nxf5 Bb6 32. Ne3 Bxe3 33. fxe3 a3
34. bxa3 Rxa2 35. Rxb5 Rxa3 36. Rc5 Kf7 37. Kf2 Ke6 38. Rc7 Kf6 39. Kf3 g5 40.
Kg4 h5+ 41. Kxh5 Ra2 42. Rc6+ Ke7 43. g4 Rxh2+ 44. Kxg5 Rf2 45. e4 Rf3 46. Kg6
Kd7 47. Rc4 Kd6 48. g5 Rh3 49. Kg7 Rg3 50. g6 Ke5 51. Kf7 Rf3+ 52. Kg8 Kf6 53.
g7 Rg3 54. Rc6+ Kg5 55. Kf8 Rf3+ 56. Ke8 1-0

[Event "Frankfurt Ch A 2015"]
[Site "Ffm-Höchst, BiKuZ"]
[Date "2015.05.04"]
[Round "2.43"]
[White "John, Volkmar"]
[Black "Weiland, Thomas"]
[Result "1-0"]
[WhiteElo "1540"]
[BlackElo "1756"]
[PlyCount "59"]
[EventDate "2015.??.??"]
[WhiteTeam "SK Herborn"]
[BlackTeam "SV Oberursel"]

1. d4 f5 2. g3 Nf6 3. Bg2 g6 4. c4 Bg7 5. Nf3 d6 6. O-O O-O 7. Nc3 c6 8. b3 Qe8
9. Bb2 Na6 10. Re1 Ne4 11. Nxe4 fxe4 12. Ng5 d5 13. f3 h6 14. Nh3 exf3 15. exf3
dxc4 16. bxc4 Qf7 17. Nf4 g5 18. Nd3 Bf6 19. Rc1 Qg7 20. Ne5 Nc7 21. Qc2 Rd8
22. Rcd1 Be6 23. Kh1 Rac8 24. f4 gxf4 25. gxf4 Kf8 26. Rg1 Bxe5 27. fxe5 Qg4
28. Rdf1+ Bf7 29. Bxc6 Qe6 30. Qh7 1-0

[Event "Frankfurt Ch A 2015"]
[Site "Ffm-Höchst, BiKuZ"]
[Date "2015.05.04"]
[Round "2.44"]
[White "Fischer, Ulrich"]
[Black "Leichum, Engelbert"]
[Result "1/2-1/2"]
[WhiteElo "1740"]
[BlackElo "1578"]
[PlyCount "105"]
[EventDate "2015.??.??"]
[WhiteTeam "Frankfurter TV"]
[BlackTeam "vereinslos"]

1. d4 Nf6 2. Nf3 c6 3. c4 d6 4. Nc3 Bg4 5. e4 Qc7 6. Be2 e5 7. Be3 Nbd7 8. O-O
Be7 9. Ne1 Bxe2 10. Qxe2 Nf8 11. d5 Ng6 12. Nd3 c5 13. f4 exf4 14. Nxf4 h5 15.
Nxg6 fxg6 16. Bf4 O-O 17. e5 dxe5 18. Bxe5 Qd7 19. Qd3 Kh7 20. Rad1 Bd6 21.
Bxd6 Qxd6 22. h3 a6 23. Rde1 Rae8 24. Rxe8 Rxe8 25. Qd2 Re5 26. Re1 Rxe1+ 27.
Qxe1 Qf4 28. Qf1 Qd6 29. Qf3 Kh6 30. Qe3+ g5 31. Ne2 b5 32. h4 Nh7 33. Ng3 g6
34. Ne4 Qe5 35. hxg5+ Nxg5 36. Qxg5+ Qxg5 37. Nxg5 Kxg5 38. b3 Kf6 39. Kf2 bxc4
40. bxc4 Ke5 41. Ke3 g5 42. Kf3 a5 43. a4 Kf5 44. Ke3 h4 45. d6 Ke6 46. Kf3
Kxd6 47. Kg4 Ke5 48. Kxg5 Kd4 49. Kxh4 Kxc4 50. g4 Kb4 51. g5 c4 52. g6 c3 53.
g7 1/2-1/2

[Event "Frankfurt Ch A 2015"]
[Site "Ffm-Höchst, BiKuZ"]
[Date "2015.05.04"]
[Round "2.45"]
[White "Kletzerman, Simon"]
[Black "Diehl, Stefan"]
[Result "0-1"]
[WhiteElo "1531"]
[BlackElo "1739"]
[PlyCount "110"]
[EventDate "2015.??.??"]
[WhiteTeam "TuS Makkabi"]
[BlackTeam "SC Höchst"]

1. e4 d5 2. exd5 Qxd5 3. Nc3 Qa5 4. Nf3 Nf6 5. Be2 Bf5 6. O-O e6 7. Nh4 Bg6 8.
Nxg6 hxg6 9. Bf3 c6 10. Ne2 Qc7 11. Ng3 Nbd7 12. d3 Bd6 13. Be3 Ne5 14. Be2 Nd5
15. Bd2 O-O-O 16. d4 Nd7 17. c4 Ne7 18. c5 Bf4 19. Bxf4 Qxf4 20. Qa4 Nxc5 21.
Qxa7 Nd7 22. b4 Qb8 23. Qa3 Nb6 24. b5 Qd6 25. Qc1 Qxd4 26. bxc6 Nxc6 27. Bf3
Nd5 28. Rb1 Qc3 29. Qg5 Qe5 30. Qg4 Qf4 31. Rfc1 Qxg4 32. Bxg4 Kc7 33. Bf3 Rd7
34. Ne4 b6 35. Nc3 Ra8 36. Nb5+ Kd8 37. Rxc6 Rxa2 38. Rbc1 Ke7 39. Bxd5 Rxd5
40. Rxb6 Rb2 41. Nc3 Rxb6 42. Nxd5+ exd5 43. g4 Kd6 44. Rc2 Rb4 45. f3 g5 46.
Kf2 Rb3 47. Rd2 Rb7 48. Ke3 Ke5 49. Kf2 d4 50. Re2+ Kd5 51. Rd2 Re7 52. Re2
Rxe2+ 53. Kxe2 Kc4 54. Kd2 d3 55. h3 Kd4 0-1

[Event "Frankfurt Ch A 2015"]
[Site "Ffm-Höchst, BiKuZ"]
[Date "2015.05.04"]
[Round "2.46"]
[White "Schellen, Sven"]
[Black "Jähnert, Wolfgang"]
[Result "1-0"]
[WhiteElo "1729"]
[BlackElo "1557"]
[PlyCount "113"]
[EventDate "2015.??.??"]
[WhiteTeam "SF Frankfurt"]
[BlackTeam "SC Nidderau"]

1. d4 e6 2. Nf3 d5 3. c4 Nf6 4. Nc3 c6 5. g3 Be7 6. Bg2 Nbd7 7. O-O O-O 8. b3
Re8 9. Bb2 Nf8 10. Qc2 Ng6 11. Rfd1 Qc7 12. Rac1 Qa5 13. a3 Qd8 14. e4 dxe4 15.
Ne5 Qc7 16. Nxe4 Nxe5 17. dxe5 Nxe4 18. Bxe4 g6 19. Qc3 Rd8 20. Rd6 Bd7 21.
Rcd1 Be8 22. c5 Rd7 23. f4 Bf8 24. f5 Bg7 25. fxe6 fxe6 26. Bg2 Re7 27. Bh3 Bf7
28. Qd4 Rae8 29. b4 a6 30. a4 Qc8 31. Bf1 Qc7 32. b5 axb5 33. axb5 cxb5 34.
Bxb5 Rc8 35. Ba3 Be8 36. Rd8 Bxe5 37. Qd3 Kg7 38. Bxe8 Rxd8 39. Qxd8 Qxd8 40.
Rxd8 Rc7 41. Rd7+ Kf8 42. Rxc7 Bxc7 43. Bb5 Kf7 44. Kf2 Kf6 45. Ke3 Ke5 46. Bc4
Kf6 47. Ke4 b6 48. c6 h5 49. Bb2+ e5 50. Kd5 g5 51. Bd3 h4 52. Be4 hxg3 53.
hxg3 Bb8 54. Ba3 Bc7 55. Bd6 Bd8 56. c7 Bxc7 57. Bxc7 1-0

[Event "Frankfurt Ch A 2015"]
[Site "Ffm-Höchst, BiKuZ"]
[Date "2015.05.04"]
[Round "2.47"]
[White "Varma, Christopher"]
[Black "Schlumbohm, Nils"]
[Result "0-1"]
[WhiteElo "1718"]
[BlackElo "1549"]
[PlyCount "72"]
[EventDate "2015.??.??"]
[WhiteTeam "SC Bad Nauheim"]
[BlackTeam "TSG Nieder-Erlenbach"]

1. e4 e5 2. Nf3 Nc6 3. Bb5 a6 4. Ba4 Nf6 5. d3 b5 6. Bb3 Be7 7. O-O d6 8. c3
O-O 9. Nbd2 Na5 10. Bc2 c5 11. Re1 Qc7 12. Nf1 h6 13. Ng3 Re8 14. h3 Bf8 15. a4
Bd7 16. Nh4 d5 17. Qf3 d4 18. Bxh6 gxh6 19. Qxf6 Re6 20. Qf3 dxc3 21. bxc3 b4
22. cxb4 cxb4 23. Rac1 Rc8 24. Qe3 Rc6 25. Ngf5 Kh7 26. Qf3 Be6 27. d4 Rc3 28.
Re3 Rxc2 29. Rxc2 Qxc2 30. d5 Qa2 31. dxe6 Qxe6 32. Qg4 Rc3 33. Re1 b3 34. Nf3
Qg6 35. Nxe5 Qxg4 36. hxg4 b2 0-1

[Event "Frankfurt Ch A 2015"]
[Site "Ffm-Höchst, BiKuZ"]
[Date "2015.05.04"]
[Round "2.48"]
[White "Lanz, Jürgen"]
[Black "Rauscher, Joachim"]
[Result "0-1"]
[WhiteElo "1526"]
[BlackElo "1714"]
[PlyCount "43"]
[EventDate "2015.??.??"]
[WhiteTeam "SC Hattersheim"]
[BlackTeam "SC Brett vorm Kopp"]

1. d4 d5 2. c4 e6 3. Nf3 Nf6 4. Nc3 Be7 5. Bf4 O-O 6. e3 b6 7. Bd3 Bb7 8. Qc2
a6 9. cxd5 Bxd5 10. Nxd5 Qxd5 11. O-O c6 12. e4 Qh5 13. Bxb8 Rfxb8 14. Qxc6 b5
15. Qc7 Bd8 16. Qg3 Bb6 17. Rfe1 Rc8 18. e5 Bc7 19. Rec1 Ne8 20. Rc6 Bd8 21.
Be4 Qh6 22. Rac1 0-1

[Event "Frankfurt Ch A 2015"]
[Site "Ffm-Höchst, BiKuZ"]
[Date "2015.05.04"]
[Round "2.49"]
[White "Plattner, Rolf"]
[Black "Wagner, Günter"]
[Result "1-0"]
[WhiteElo "1711"]
[BlackElo "1529"]
[PlyCount "109"]
[EventDate "2015.??.??"]
[WhiteTeam "SK Langen"]
[BlackTeam "SV Groß-Gerau"]

1. e4 d6 2. Nc3 Nf6 3. d4 g6 4. f3 Bg7 5. Be3 O-O 6. Qd2 c6 7. g4 e5 8. O-O-O
Qa5 9. h4 h5 10. g5 Ne8 11. d5 c5 12. Kb1 Bd7 13. Bh3 b5 14. Bxd7 Nxd7 15. Nce2
b4 16. c4 bxc3 17. Nxc3 Rb8 18. Ka1 Nb6 19. Qc2 Nc4 20. Bc1 Nc7 21. Qa4 Rb4 22.
Qxa5 Nxa5 23. b3 Rfb8 24. Rh2 Nb5 25. Nxb5 R4xb5 26. Ba3 Nb7 27. Rc2 Na5 28.
Rdc1 Bf8 29. Nh3 Bg7 30. Ng1 Bf8 31. Ne2 Nxb3+ 32. axb3 Rxb3 33. Rc3 R3b5 34.
Ka2 a6 35. R1c2 Kg7 36. f4 f6 37. fxe5 fxe5 38. Nc1 R8b7 39. Rf3 Rf7 40. Rcf2
Rbb7 41. Rxf7+ Rxf7 42. Rxf7+ Kxf7 43. Ne2 Be7 44. Bc1 Bd8 45. Bd2 Ke7 46. Kb3
Kd7 47. Ka4 Kc8 48. Ba5 Bxa5 49. Kxa5 Kb7 50. Nc3 Ka7 51. Na4 Kb7 52. Nb2 Kc7
53. Kxa6 Kc8 54. Kb6 Kd7 55. Nc4 1-0

[Event "Frankfurt Ch A 2015"]
[Site "Ffm-Höchst, BiKuZ"]
[Date "2015.05.04"]
[Round "2.50"]
[White "Richter, Wolfram"]
[Black "Bernig, Andreas"]
[Result "0-1"]
[WhiteElo "1521"]
[BlackElo "1711"]
[PlyCount "60"]
[EventDate "2015.??.??"]
[WhiteTeam "SK Bad Sooden-Allendorf"]
[BlackTeam "SV Oberursel"]

1. g3 e5 2. c4 Bc5 3. Nc3 Nf6 4. Bg2 O-O 5. e3 Re8 6. Nge2 c6 7. a3 d5 8. b4
Bf8 9. cxd5 cxd5 10. d4 e4 11. Bb2 Bg4 12. Rc1 a6 13. O-O Nc6 14. Qb3 Qd7 15.
Nf4 Rad8 16. Rc2 g5 17. h3 Bf3 18. Nfe2 Qf5 19. Kh2 Bxg2 20. Kxg2 Qf3+ 21. Kh2
Re6 22. Ng1 Ng4+ 23. hxg4 Rh6+ 24. Nh3 Qxg4 25. f4 Qxh3+ 26. Kg1 Qh1+ 27. Kf2
Qf3+ 28. Ke1 Qxe3+ 29. Re2 Qxg3+ 30. Ref2 e3 0-1

[Event "Frankfurt Ch A 2015"]
[Site "Ffm-Höchst, BiKuZ"]
[Date "2015.05.04"]
[Round "2.51"]
[White "Lehmann, Gerit"]
[Black "Hinz, André"]
[Result "0-1"]
[WhiteElo "1487"]
[BlackElo "1690"]
[PlyCount "94"]
[EventDate "2015.??.??"]
[WhiteTeam "SF Frankfurt"]
[BlackTeam "VfB Lettin"]

1. d4 Nf6 2. c4 g6 3. Nc3 d5 4. Nf3 Bg7 5. cxd5 Nxd5 6. Qb3 Nxc3 7. bxc3 O-O 8.
Bf4 c5 9. e3 cxd4 10. exd4 b6 11. Be2 Nc6 12. O-O Be6 13. Qd1 Rc8 14. Ba6 Na5
15. Bxc8 Qxc8 16. Qc1 Bd5 17. Ne5 f6 18. Nd3 Bc4 19. Rd1 Qf5 20. Qe3 h5 21. h3
Re8 22. Bh2 Kh7 23. Qf3 Qb5 24. Nf4 Bh6 25. Re1 Qb2 26. Rad1 Qxa2 27. Nxh5 gxh5
28. Qxh5 Bf7 29. Qh4 Qc2 30. Bf4 Qg6 31. Re3 Qh5 32. Qxh5 Bxh5 33. Bxh6 Bxd1
34. Bf4 Bb3 35. g4 Nc4 36. Re1 a5 37. d5 Kg6 38. d6 e5 39. Be3 Rd8 40. h4 Rxd6
41. Kg2 Rd1 42. Re2 a4 43. h5+ Kh7 44. f4 a3 45. fxe5 fxe5 46. Bxb6 Rd2 47.
Rxd2 Nxd2 0-1

[Event "Frankfurt Ch A 2015"]
[Site "Ffm-Höchst, BiKuZ"]
[Date "2015.05.04"]
[Round "2.52"]
[White "Viol, Julius"]
[Black "Münstermann, Matthias"]
[Result "0-1"]
[WhiteElo "1683"]
[BlackElo "1532"]
[PlyCount "106"]
[EventDate "2015.??.??"]
[WhiteTeam "FC Bierstadt"]
[BlackTeam "SK Langen"]

1. d4 Nf6 2. c4 g6 3. Nc3 d5 4. Nf3 Bg7 5. Bf4 O-O 6. cxd5 Nxd5 7. Nxd5 Qxd5 8.
Bxc7 Nc6 9. e3 Bg4 10. a3 Rac8 11. Bg3 Rfd8 12. Be2 e5 13. h3 Bh5 14. Bh4 f6
15. g4 g5 16. Rc1 Bf7 17. Bg3 exd4 18. exd4 Nxd4 19. Rxc8 Nxf3+ 20. Bxf3 Qxd1+
21. Bxd1 Rxc8 22. O-O f5 23. b3 f4 24. Bh2 Rc3 25. a4 Bxb3 26. Bxb3+ Rxb3 27.
Rd1 b5 28. axb5 Rxb5 29. Rd8+ Bf8 30. Rc8 Ra5 31. h4 h6 32. hxg5 hxg5 33. Kf1
Ra2 34. Re8 Kf7 35. Re2 Rxe2 36. Kxe2 a5 37. f3 Bc5 38. Kd3 a4 39. Kc3 Ke6 40.
Kc2 Kd5 41. Kc3 a3 42. Kb3 Kc6 43. Kc3 Kb5 44. Kb3 Ka5 45. Bxf4 gxf4 46. g5 Bf8
47. g6 Kb5 48. g7 Bxg7 49. Kxa3 Kc4 50. Ka2 Kd3 51. Kb1 Ke3 52. Kc1 Kxf3 53.
Kd2 Kg2 0-1

[Event "Frankfurt Ch A 2015"]
[Site "Ffm-Höchst, BiKuZ"]
[Date "2015.05.04"]
[Round "2.53"]
[White "Wich, Manuela"]
[Black "Stricker, Konstantin"]
[Result "0-1"]
[WhiteElo "1441"]
[BlackElo "1666"]
[PlyCount "103"]
[EventDate "2015.??.??"]
[WhiteTeam "SF Friedberg"]
[BlackTeam "SC Eschbach"]

1. Nf3 Nf6 2. c4 e6 3. g3 Be7 4. Bg2 O-O 5. O-O c6 6. d3 d5 7. b3 Nbd7 8. Bb2
b6 9. Nbd2 Bb7 10. Ne5 Qc7 11. Ndf3 c5 12. d4 Nxe5 13. Nxe5 Rad8 14. e3 Nd7 15.
Nxd7 Qxd7 16. Qe2 Bf6 17. Rfd1 Qe7 18. a4 Rd7 19. a5 Rfd8 20. axb6 axb6 21. Ra7
dxc4 22. Rxb7 Rxb7 23. Bxb7 Qxb7 24. Qxc4 h6 25. Rb1 Qe4 26. Rd1 h5 27. Qd3 Qg4
28. Kg2 Qg5 29. Bc1 Qd5+ 30. f3 cxd4 31. e4 Qc5 32. Bb2 e5 33. Rc1 Qd6 34. Rc4
Ra8 35. Rc2 Bg5 36. Bc1 Bxc1 37. Rxc1 Ra2+ 38. Rc2 Rxc2+ 39. Qxc2 Qc5 40. Qxc5
bxc5 41. Kf2 Kf8 42. Ke2 Ke7 43. Kd3 Kd6 44. h4 f6 45. Kc4 g6 46. g4 Kc6 47. b4
cxb4 48. Kxb4 Kb6 49. Kc4 Ka5 50. g5 fxg5 51. f4 gxf4 52. Kd3 0-1

[Event "Frankfurt Ch A 2015"]
[Site "Ffm-Höchst, BiKuZ"]
[Date "2015.05.04"]
[Round "2.55"]
[White "Stulken, Dietmar"]
[Black "Gude, Michael"]
[Result "1-0"]
[WhiteElo "1392"]
[BlackElo "1661"]
[PlyCount "69"]
[EventDate "2015.??.??"]
[WhiteTeam "SF Frankfurt"]
[BlackTeam "SF Fürth"]

1. e4 e5 2. Nf3 Nf6 3. Nxe5 d6 4. Nf3 Nxe4 5. d4 d5 6. Bd3 Bd6 7. O-O O-O 8.
Re1 Bf5 9. c4 c6 10. c5 Bc7 11. Qc2 Re8 12. Nbd2 Nxd2 13. Rxe8+ Qxe8 14. Bxd2
Bxd3 15. Qxd3 f6 16. Re1 Qf7 17. Nh4 Na6 18. Qe2 Rd8 19. b4 Bb8 20. b5 Nc7 21.
bxc6 bxc6 22. Nf5 Re8 23. Be3 Nb5 24. Qd3 Qc7 25. a4 Qxh2+ 26. Kf1 Nc7 27. Nd6
Re6 28. Qb3 Na6 29. Qb7 Bxd6 30. Qc8+ Kf7 31. cxd6 Qh1+ 32. Ke2 Rxe3+ 33. fxe3
Qxg2+ 34. Kd1 Qf3+ 35. Kd2 1-0

[Event "Frankfurt Ch A 2015"]
[Site "Ffm-Höchst, BiKuZ"]
[Date "2015.05.04"]
[Round "2.56"]
[White "Raquet, Helmut"]
[Black "Friedel, Thomas"]
[Result "1/2-1/2"]
[WhiteElo "1644"]
[BlackElo "1505"]
[PlyCount "70"]
[EventDate "2015.??.??"]
[WhiteTeam "SC Nied"]
[BlackTeam "SV Groß-Gerau"]

1. d4 d5 2. c4 e6 3. Nc3 Nf6 4. Nf3 c6 5. cxd5 exd5 6. g3 Nbd7 7. Bg2 Bb4 8.
O-O O-O 9. a3 Ba5 10. Qc2 Re8 11. b4 Bb6 12. Bb2 Nf8 13. Na4 Bg4 14. e3 Qc8 15.
Nxb6 axb6 16. Nd2 Bf5 17. Qc3 Bh3 18. Rae1 Ne4 19. Nxe4 dxe4 20. d5 f6 21. dxc6
Bxg2 22. Kxg2 bxc6 23. Rc1 Re6 24. Qd4 Qd8 25. Qc4 b5 26. Qa2 Kh8 27. Rfd1 Rd6
28. Qb3 Ra7 29. Rxd6 Qxd6 30. Bd4 Rc7 31. Bc5 Qe6 32. Qc3 Nd7 33. Rd1 Rc8 34.
Bd4 Nb8 35. Bc5 Qe8 1/2-1/2

[Event "Frankfurt Ch A 2015"]
[Site "Ffm-Höchst, BiKuZ"]
[Date "2015.05.04"]
[Round "2.57"]
[White "Markulic, Petar"]
[Black "Bernhardt, Winfried"]
[Result "0-1"]
[WhiteElo "1643"]
[BlackElo "1385"]
[PlyCount "158"]
[EventDate "2015.??.??"]
[WhiteTeam "vereinslos"]
[BlackTeam "SV Nauheim"]

1. e4 e5 2. f4 Nc6 3. Nf3 d6 4. Nc3 Nf6 5. fxe5 dxe5 6. Bc4 h6 7. b3 Bc5 8. h3
Qe7 9. Bd5 Nb4 10. Bc4 a6 11. a3 Nc6 12. Be2 O-O 13. d3 Nd4 14. b4 Nxf3+ 15.
Bxf3 Bd4 16. Bb2 b5 17. Rb1 c5 18. Ne2 Nh7 19. Bxd4 cxd4 20. O-O Qg5 21. Kh1 f5
22. exf5 Ra7 23. Be4 Nf6 24. Ng1 Nh5 25. Rf2 Ng3+ 26. Kh2 Nxe4 27. dxe4 Rc7 28.
Qd2 Qh4 29. g4 Rc3 30. Nf3 Qf6 31. g5 hxg5 32. Nxg5 Qh6 33. Rg1 Bb7 34. Rg3
Rfc8 35. Ne6 Rxg3 36. Qxh6 gxh6 37. Kxg3 Bxe4 38. Nc5 Bd5 39. Kh4 Rc6 40. f6 e4
41. f7+ Bxf7 42. Nxe4 Bg6 43. Nc5 Kg7 44. Kg4 a5 45. h4 axb4 46. axb4 Rf6 47.
Re2 h5+ 48. Kg3 Kf7 49. Rd2 Rd6 50. Kf4 Rd5 51. Kg3 Kf6 52. c3 d3 53. Kf4 Rf5+
54. Ke3 Re5+ 55. Kf2 Rd5 56. Ke1 Re5+ 57. Kd1 Re3 58. Rf2+ Bf5 59. Kd2 Rh3 60.
Nb3 Ke5 61. Nd4 Bd7 62. Nf3+ Kd5 63. Kxd3 Bf5+ 64. Kd2 Be4 65. Ng5 Rxh4 66.
Nxe4 Rxe4 67. Kd3 Re5 68. Rf8 Rg5 69. Rd8+ Ke5 70. Re8+ Kd5 71. Re3 h4 72. Rh3
Rg3+ 73. Rxg3 hxg3 74. Ke3 g2 75. Kf2 g1=Q+ 76. Kxg1 Kc4 77. Kf2 Kxc3 78. Ke2
Kxb4 79. Kd2 Kb3 0-1

[Event "Frankfurt Ch B 2015"]
[Site "Ffm-Höchst, BiKuZ"]
[Date "2015.05.04"]
[Round "2.1"]
[White "Brand, Achim"]
[Black "Mayer, Andreas"]
[Result "1/2-1/2"]
[WhiteElo "1244"]
[BlackElo "1478"]
[PlyCount "62"]
[EventDate "2015.??.??"]
[WhiteTeam "SVG Echzell"]
[BlackTeam "SF Frankfurt"]

1. e4 c5 2. Bc4 Nc6 3. Nf3 e6 4. Qe2 a6 5. a3 g6 6. O-O Bg7 7. Nc3 Nge7 8. d3
O-O 9. Bg5 b5 10. Ba2 Qc7 11. Nd1 d5 12. c3 dxe4 13. dxe4 c4 14. Ne3 h5 15. Nc2
Bb7 16. Rad1 Nc8 17. Rd2 Nb6 18. Ncd4 e5 19. Nxc6 Qxc6 20. Bb1 f6 21. Be3 Rad8
22. Rfd1 Qc7 23. Nh4 Kh7 24. g4 Rxd2 25. Rxd2 g5 26. gxh5 gxh4 27. Qg4 Rg8 28.
Qg6+ Kh8 29. Kf1 Rd8 30. h6 Rxd2 31. hxg7+ Qxg7 1/2-1/2

[Event "Frankfurt Ch B 2015"]
[Site "Ffm-Höchst, BiKuZ"]
[Date "2015.05.04"]
[Round "2.2"]
[White "Mongi, Mario"]
[Black "Koller, Wolfgang"]
[Result "1-0"]
[WhiteElo "1263"]
[BlackElo "1422"]
[PlyCount "77"]
[EventDate "2015.??.??"]
[WhiteTeam "SF Frankfurt"]
[BlackTeam "SC Sulzbach"]

1. c4 b6 2. g3 Bb7 3. Nf3 e5 4. d3 Nc6 5. Bg2 d6 6. O-O Nf6 7. Nc3 Be7 8. a3
O-O 9. Bg5 h6 10. Bd2 Rb8 11. Nh4 Nd4 12. b4 Bxg2 13. Nxg2 d5 14. b5 c5 15. Ne3
dxc4 16. dxc4 Rb7 17. Ned5 Rd7 18. e3 Ne6 19. a4 Nc7 20. e4 Nfxd5 21. exd5 Bd6
22. Ne4 f5 23. Nxd6 Rxd6 24. Qb3 Ne8 25. Rfe1 e4 26. a5 Nf6 27. axb6 axb6 28.
Ra7 Nd7 29. Bf4 Rdf6 30. Rea1 Qe7 31. Rb7 g5 32. Bc7 f4 33. Raa7 fxg3 34. Bxg3
Rf3 35. Qb2 e3 36. Rxd7 exf2+ 37. Bxf2 Qf6 38. Rg7+ Kh8 39. Rh7+ 1-0

[Event "Frankfurt Ch B 2015"]
[Site "Ffm-Höchst, BiKuZ"]
[Date "2015.05.04"]
[Round "2.3"]
[White "Both, Günter"]
[Black "Mees, Andreas"]
[Result "1/2-1/2"]
[WhiteElo "1421"]
[BlackElo "1238"]
[PlyCount "124"]
[EventDate "2015.??.??"]
[WhiteTeam "SK Bischofsheim"]
[BlackTeam "SV Groß-Gerau"]

1. e4 c5 2. Nf3 Nc6 3. d4 cxd4 4. Nxd4 d6 5. c4 Nf6 6. Nc3 a6 7. Be2 Bd7 8. Be3
Rc8 9. Nxc6 Bxc6 10. f3 e6 11. O-O Be7 12. Qd2 O-O 13. Rfd1 Qc7 14. Rac1 Rfd8
15. a3 d5 16. cxd5 exd5 17. exd5 Bd6 18. f4 Bd7 19. Bf3 Qb8 20. Ne4 Nxe4 21.
Bxe4 f5 22. Bf3 Re8 23. g3 Rxc1 24. Rxc1 Qd8 25. Bd4 Qe7 26. Kf2 h5 27. Re1 Qf7
28. Rxe8+ Bxe8 29. Qe2 Bd7 30. b4 Qg6 31. Bxh5 Qh6 32. Kg2 g5 33. Be8 Bc8 34.
Qh5 Qxh5 35. Bxh5 gxf4 36. Bf3 fxg3 37. hxg3 Kf7 38. Bc3 Ke7 39. a4 Bd7 40. a5
Bb5 41. g4 fxg4 42. Bxg4 Kd8 43. Be6 Kc7 44. Kf3 b6 45. Ke4 bxa5 46. bxa5 Bg3
47. Be5+ Bxe5 48. Kxe5 Be8 49. Bf5 Bb5 50. Be4 Kd7 51. d6 Kd8 52. Kd5 Kd7 53.
Bf5+ Kd8 54. Kc5 Bf1 55. Kb6 Bb5 56. Kb7 Bf1 57. Kb8 Bb5 58. Bc8 Bf1 59. Be6
Bb5 60. Kb7 Bf1 61. Kb6 Bb5 62. d7 Bf1 1/2-1/2

[Event "Frankfurt Ch B 2015"]
[Site "Ffm-Höchst, BiKuZ"]
[Date "2015.05.04"]
[Round "2.4"]
[White "Peschk, Kathrin"]
[Black "Urbach, Jens"]
[Result "0-1"]
[WhiteElo "1156"]
[BlackElo "1408"]
[PlyCount "66"]
[EventDate "2015.??.??"]
[WhiteTeam "SV Groß-Gerau"]
[BlackTeam "SF Frankfurt"]

1. e4 e6 2. d4 d5 3. exd5 exd5 4. Nc3 Nf6 5. Nf3 Be7 6. Bd3 O-O 7. O-O c5 8.
dxc5 Bxc5 9. Be3 d4 10. Nxd4 Bxd4 11. Bxd4 Nc6 12. Be3 Re8 13. Bb5 Qc7 14. Re1
Bd7 15. Nd5 Nxd5 16. Qxd5 Re5 17. Qd1 Rxb5 18. b3 Rd8 19. c3 Be6 20. Qc2 Bf5
21. Qc1 Rbd5 22. c4 R5d7 23. g3 Nb4 24. Qc3 Nd5 25. Qc1 Nb4 26. Qc3 Nd5 27. Qc1
Nxe3 28. Qxe3 Qb8 29. a3 h6 30. b4 b6 31. Qc1 Qb7 32. Kf1 Bh3+ 33. Ke2 Re7+ 0-1

[Event "Frankfurt Ch B 2015"]
[Site "Ffm-Höchst, BiKuZ"]
[Date "2015.05.04"]
[Round "2.5"]
[White "Klein, Simon"]
[Black "Giebitz, Walter"]
[Result "0-1"]
[WhiteElo "1028"]
[BlackElo "1326"]
[PlyCount "96"]
[EventDate "2015.??.??"]
[WhiteTeam "SF Frankfurt"]
[BlackTeam "SC Steinbach"]

1. e4 e5 2. f4 Nc6 3. Nf3 d6 4. Bc4 Be7 5. c3 Bh4+ 6. g3 Bf6 7. d4 Bg4 8. d5
Nce7 9. Bb5+ c6 10. dxc6 Nxc6 11. O-O Qb6+ 12. Kg2 Qxb5 13. h3 Bxf3+ 14. Rxf3
Rd8 15. Na3 Qb6 16. Nc4 Qc7 17. Rd3 Be7 18. b3 Nf6 19. Kf3 b5 20. Ne3 O-O 21.
Ba3 b4 22. cxb4 Rd7 23. Rc1 Qb7 24. Nc2 Rfd8 25. Qd2 d5 26. exd5 Rxd5 27. Rxd5
Rxd5 28. Qc3 e4+ 29. Kg2 Rd3 30. Qc4 Rd2+ 31. Kf1 Qb6 32. Qe2 Rxe2 33. Kxe2 g6
34. Bb2 Kg7 35. Rd1 Bxb4 36. g4 Qc7 37. g5 Kf8 38. gxf6 Qxf4 39. Rf1 Qd6 40.
Rd1 Qh2+ 41. Ke3 Qxc2 42. Rc1 Qd3+ 43. Kf4 Bd2+ 44. Kg4 Bxc1 45. Bxc1 Qf3+ 46.
Kh4 Qxf6+ 47. Bg5 Qf2+ 48. Kg4 Ne5# 0-1

[Event "Frankfurt Ch B 2015"]
[Site "Ffm-Höchst, BiKuZ"]
[Date "2015.05.04"]
[Round "2.10"]
[White "Klikic, Drazen"]
[Black "Dröser, Wolfgang"]
[Result "1-0"]
[WhiteElo "1279"]
[BlackElo "1116"]
[PlyCount "61"]
[EventDate "2015.??.??"]
[WhiteTeam "SC Nied"]
[BlackTeam "SF Frankfurt"]

1. e4 g6 2. d4 Bg7 3. Nf3 d6 4. Be3 b6 5. Nc3 a6 6. a4 Bb7 7. Bd3 Nd7 8. Qd2 h6
9. O-O e5 10. dxe5 Nxe5 11. Nxe5 Bxe5 12. f4 Bg7 13. Rad1 Ne7 14. f5 f6 15.
fxg6 Nxg6 16. Bc4 Qd7 17. Bd5 Bxd5 18. Nxd5 Qc6 19. Nxf6+ Bxf6 20. Rxf6 Qxe4
21. Re1 Ne5 22. Bxh6 Qxa4 23. Re6+ Kd7 24. R6xe5 Rxh6 25. Re7+ Kc6 26. Qxh6
Qd4+ 27. Qe3 Qxb2 28. Qe4+ Kb5 29. Qd5+ c5 30. Qxa8 Qd4+ 31. R7e3 1-0

[Event "Frankfurt Ch B 2015"]
[Site "Ffm-Höchst, BiKuZ"]
[Date "2015.05.04"]
[Round "2.14"]
[White "Wenge, Hardy"]
[Black "Idrissi, Mourad"]
[Result "0-1"]
[WhiteElo "1127"]
[BlackElo "1212"]
[PlyCount "42"]
[EventDate "2015.??.??"]
[WhiteTeam "SF Friedberg"]
[BlackTeam "VSG Offenbach"]

1. d4 Nf6 2. Nf3 d5 3. Nc3 e6 4. Bf4 Be7 5. e3 O-O 6. a3 Bd7 7. h3 c5 8. g4 Nc6
9. Be5 cxd4 10. Nxd4 Nxe5 11. f4 Nc6 12. Nf3 Rc8 13. Qd3 Ne8 14. g5 Nd6 15. h4
Nf5 16. Rg1 Bc5 17. Nd1 Qb6 18. Ke2 Nce7 19. a4 a5 20. h5 Bd6 21. Rh1 Ng3+ 0-1

[Event "Frankfurt Ch B 2015"]
[Site "Ffm-Höchst, BiKuZ"]
[Date "2015.05.04"]
[Round "2.16"]
[White "Herwig-Päutz, Martin"]
[Black "Lochmann, Tobias"]
[Result "1-0"]
[WhiteElo "1320"]
[BlackElo "723"]
[PlyCount "49"]
[EventDate "2015.??.??"]
[WhiteTeam "SF Friedberg"]
[BlackTeam "SV Groß-Gerau"]

1. d4 d5 2. e4 e6 3. Nc3 Nf6 4. Bg5 Be7 5. exd5 exd5 6. Qe2 O-O 7. Nf3 Nc6 8.
h3 h6 9. Bh4 Bf5 10. g4 Bh7 11. Bg2 Nb4 12. O-O Nxc2 13. Rac1 Nb4 14. Ne5 Nc6
15. Nxc6 bxc6 16. Rfe1 Re8 17. Na4 Bb4 18. Qxe8+ Qxe8 19. Rxe8+ Rxe8 20. Rxc6
Re1+ 21. Kh2 Ne8 22. f4 g5 23. Bxe1 gxf4 24. Bxb4 Ng7 25. Bxd5 1-0

[Event "Frankfurt Ch B 2015"]
[Site "Ffm-Höchst, BiKuZ"]
[Date "2015.05.04"]
[Round "2.17"]
[White "Meister, Jörg"]
[Black "Mook, Karl-Jürgen"]
[Result "0-1"]
[WhiteElo "812"]
[BlackElo "1297"]
[PlyCount "95"]
[EventDate "2015.??.??"]
[WhiteTeam "SF Friedberg"]
[BlackTeam "SC Sulzbach"]

1. e4 e5 2. Nf3 Nc6 3. Bc4 Bc5 4. O-O Nf6 5. d3 O-O 6. Nc3 a6 7. Bg5 h6 8. Bh4
d6 9. Nd5 g5 10. Bg3 Nxd5 11. Bxd5 Ne7 12. d4 exd4 13. Nxd4 Nxd5 14. exd5 Qf6
15. c3 Bd7 16. Re1 Rfe8 17. f3 Bxd4+ 18. Qxd4 Qxd4+ 19. cxd4 Bb5 20. Rac1 Rxe1+
21. Bxe1 Re8 22. Bg3 Re7 23. b3 h5 24. h4 f6 25. a4 Be8 26. Bf2 Kg7 27. g4 Kg6
28. Kg2 Bf7 29. Re1 Rxe1 30. Bxe1 Bxd5 31. b4 hxg4 32. Kg3 Bxf3 33. hxg5 fxg5
34. Bd2 d5 35. Be3 c6 36. Bg1 Kf5 37. Be3 Ke4 38. Bxg5 Kxd4 39. Kf4 Kc4 40. Ke5
Kxb4 41. Kd6 Kxa4 42. Kc5 Kb3 43. Be3 a5 44. Kb6 a4 45. Kxb7 a3 46. Kxc6 a2 47.
Bd4 g3 48. Kc5 0-1

[Event "Frankfurt Ch A 2015"]
[Site "Ffm-Höchst, BiKuZ"]
[Date "2015.05.11"]
[Round "3.1"]
[White "Kaulfuss, Helmut"]
[Black "Khenkin, Igor"]
[Result "0-1"]
[WhiteElo "2046"]
[BlackElo "2578"]
[PlyCount "26"]
[EventDate "2015.??.??"]
[WhiteTeam "SV Hofheim"]
[BlackTeam "SG Porz"]

1. e4 c5 2. d3 e6 3. Nd2 Nc6 4. g3 g6 5. Bg2 Bg7 6. Ngf3 Nge7 7. O-O O-O 8. Re1
d6 9. c3 e5 10. a4 h6 11. Nc4 Be6 12. Be3 f5 13. Qd2 fxe4 0-1